Crystallization of hevamine, an enzyme with lysozyme/chitinase activity from Hevea brasiliensis latex (Record no. 56600)

MARC details
000 -LEADER
fixed length control field 00470nam a2200157Ia 4500
100 ## - MAIN ENTRY--AUTHOR NAME
Personal name Rozeboom H J
245 #0 - TITLE STATEMENT
Title Crystallization of hevamine, an enzyme with lysozyme/chitinase activity from Hevea brasiliensis latex
260 ## - PUBLICATION, DISTRIBUTION, ETC. (IMPRINT)
Name of publisher Journal of Molecular Biology
Year of publication 1990
300 ## - PHYSICAL DESCRIPTION
Number of Pages 441-443
500 ## - GENERAL NOTE
General note Source Year: 1992
650 ## - SUBJECT ADDED ENTRY--TOPICAL TERM
Topical Term Hevamine
650 ## - SUBJECT ADDED ENTRY--TOPICAL TERM
Topical Term Hevea brasiliensis
856 ## - ELECTRONIC LOCATION AND ACCESS
Uniform Resource Identifier HOA
942 ## - ADDED ENTRY ELEMENTS (KOHA)
Koha item type Journals
Holdings
Withdrawn status Lost status Damaged status Not for loan Home library Current library Date acquired Serial Enumeration / chronology Koha item type
      Journals RRII Library RRII Library 17/12/2021 Volume 212, Issue 3 Journals